000 01006nam a2200361 b 4500
001 0001847
003 DO-SdBNP
005 20180126084038.0
007 0001847
008 030423s 2003 sp | ||| ||spa
016 7 _a
_2BPMSU
017 _a
_b
020 _a8433969897
035 _a
040 _aBPMSU
_bspa
_cBPMSU
_e
041 1 _aspa
_h
080 0 _a
082 _2
_a813.5
_bO132g
100 1 _aO'Brien, Tim
240 1 0 _aTomcat in love
_lEspañol
245 1 0 _aGato enamorado /
_h
_cTim O'Brien ; traducción de Daniel Najmías
260 _aBarcelona :
_bAnagrama,
_c2003
300 _a401 p.;
_c22 cm
490 _aPanorama de narrativas
_v529
500 _aNotas al pie de las páginas
650 _aNOVELA ESTADOUNIDENSE
650 _aINFIDELIDAD
_vNOVELA
700 _aNajmías, Daniel
_etr.
830 _aPanorama de narrativas
_v529
942 _2ddc
_cBK
945 _aInventariado extranjero / 2018 VM
956 _aVMATEO
_b10
_c20160624
_dBPMSU
_f0069
999 _c10567
_d10567